000 01516nam a2200289Ia 4500
999 _c55566
_d55566
001 22648
003 GE_BSU
005 20230407155648.0
008 181216s ||||ge |||||||||||||| ||geo||
020 _a9789941220814
040 _cGE_BSU
041 _ageo
080 _a811.111'373.2 გ-48
100 _aგვარიშვილი, ზეინაბ
_917551
245 _aინგლისურენოვანი რელიგიური ლექსიკის ევოლუცია :
_bგზა კომიტატუსიდან გლობალურ ქსელამდე /
_cზეინაბ გვარიშვილი ; რედ. ეკა თოფურია.
264 _aთბილისი :
_bუნივერსალი,
_c2013.
300 _a142 გვ. ;
_c20 სმ.
504 _aბიბლიოგრ. : გვ. 131-139
541 _h10ლ.
653 _aინგლისურენოვანი რელიგიური ლექსიკის ევოლუცია
653 _aგზა კომიტატუსიდან გლობალურ ქსელამდე
653 _aინგლისური ენა
653 _aინგლისური ენის ლექსიკა
653 _a რელიგიური ლექსიკა ინგლისურ ენაში
700 _aთოფურია, ეკა
_eრედაქტორი
_917552
942 _cBK
_2udc